|
|
|
|
| LEADER |
00000cam a2200000 7i4500 |
| 001 |
0000062396 |
| 005 |
20081028.0 |
| 008 |
081028 bm |
| 020 |
|
|
|a 983620590X
|
| 090 |
0 |
0 |
|a 371.4 ZUL
|
| 100 |
1 |
|
|a Zulkifli Yusuf
|
| 245 |
1 |
0 |
|a Panduan Khidmat Bimbingan :
|b Untuk Guru Dan Bakal Guru
|c Zulkifli Yusuf
|
| 260 |
|
|
|a Selangor :
|b Percetakan Dewan Bahasa Dan Pustaka ,
|c 1988
|
| 300 |
|
|
|a xii,134p. :
|b ill ;
|c 23cm.
|
| 650 |
0 |
0 |
|a Educational
|
| 999 |
|
|
|a 0000262200
|b Buku
|c Rak Terbuka
|e Perpustakaan Cawangan Jasin
|
| 999 |
|
|
|a 26241
|b Buku
|c Rak Terbuka
|e Perpustakaan Cawangan Jasin
|
| 999 |
|
|
|a 64820
|b Buku
|c Rak Terbuka
|e Perbadanan Perpustakaan Awam Melaka
|